000 00640nam a2200241Ia 4500
003 OSt
005 20220918175250.0
006 a|||||r|||| 00| 0
007 ta
008 220917b |||||||| |||| 00| 0 eng d
024 _a16,388
037 _cTextual
040 _aARTS
_cARTS
_beng
041 _2eng
_aeng
082 _aO111973,1:g, K5
100 _aEhrepreis Irvin ed
_953461
245 0 _aAmerican poetry
260 _aNew York
_bSt Martin's Press USA
_c1965
300 _a244p.
_ccm.
650 _aENGLISH LITERATURE
942 _hO111973,1:g, K5
_cTEXL
_2CC
999 _c156770
_d156770